[Event "DVM U20w 2023"]
[Site "Magdeburg GER"]
[Date "2023.12.30"]
[Round "7"]
[White "Hopp, Celina"]
[Black "Neumeier, Valentina"]
[Result "0-1"]
[Termination "normal"]
[Board "3.2"]
[WhiteElo "1583"]
[BlackElo "1546"]
[WhiteClock "00:02:11"]
[BlackClock "00:03:22"]
[WhiteTeam "SC Borussia Lichtenberg"]
[BlackTeam "SK Kelheim 1920"]
[PlyCount "148"]
[WhiteFideId "16235240"]
[BlackFideId "34608222"]
[EventCountry "GER"]
[EventRounds "7"]
[EventType "team-swiss"]
[EventDate "2023.12.26"]

1. e4 {[%clk 01:30:55]} {[%emt 00:00:05]} e5 {[%clk 01:30:54]} {[%emt
00:00:06]} 2. Nf3 {[%clk 01:31:14]} {[%emt 00:00:11]} Nc6 {[%clk 01:31:17]}
{[%emt 00:00:06]} 3. Bc4 {[%clk 01:31:26]} {[%emt 00:00:19]} Bc5 {[%clk
01:31:37]} {[%emt 00:00:11]} 4. Nc3 {[%clk 01:30:34]} {[%emt 00:01:22]} d6
{[%clk 01:31:13]} {[%emt 00:00:53]} 5. d3 {[%clk 01:28:38]} {[%emt 00:02:26]}
h6 {[%clk 01:30:28]} {[%emt 00:01:15]} 6. Be3 {[%clk 01:28:41]} {[%emt
00:00:27]} Bb6 {[%clk 01:30:48]} {[%emt 00:00:10]} 7. h3 {[%clk 01:25:56]}
{[%emt 00:03:16]} Nf6 {[%clk 01:30:22]} {[%emt 00:00:55]} 8. Qd2 {[%clk
01:24:54]} {[%emt 00:01:32]} Be6 {[%clk 01:28:54]} {[%emt 00:01:58]} 9. Bb3
{[%clk 01:23:31]} {[%emt 00:01:52]} Qd7 {[%clk 01:25:15]} {[%emt 00:04:09]} 10.
O-O-O {[%clk 01:19:02]} {[%emt 00:05:00]} Bxb3 {[%clk 01:13:11]} {[%emt
00:12:34]} 11. axb3 {[%clk 01:19:07]} {[%emt 00:00:25]} Nd4 {[%clk 01:04:53]}
{[%emt 00:08:47]} 12. Bxd4 {[%clk 01:15:56]} {[%emt 00:03:42]} Bxd4 {[%clk
01:03:11]} {[%emt 00:02:13]} 13. Nxd4 {[%clk 01:15:41]} {[%emt 00:00:44]} exd4
{[%clk 01:03:34]} {[%emt 00:00:08]} 14. Ne2 {[%clk 01:14:28]} {[%emt 00:01:43]}
c5 {[%clk 01:00:23]} {[%emt 00:03:39]} 15. g4 {[%clk 01:12:19]} {[%emt
00:02:39]} O-O-O {[%clk 00:49:24]} {[%emt 00:11:30]} 16. Ng3 {[%clk 01:10:50]}
{[%emt 00:01:59]} g6 {[%clk 00:44:29]} {[%emt 00:05:25]} 17. Rde1 {[%clk
01:05:18]} {[%emt 00:06:02]} b6 {[%clk 00:39:06]} {[%emt 00:05:53]} 18. Qf4
{[%clk 01:00:40]} {[%emt 00:05:08]} Ne8 {[%clk 00:35:56]} {[%emt 00:03:40]} 19.
Re2 {[%clk 01:00:25]} {[%emt 00:00:45]} Nc7 {[%clk 00:34:05]} {[%emt 00:02:20]}
20. Rhe1 {[%clk 00:56:13]} {[%emt 00:04:43]} Ne6 {[%clk 00:32:25]} {[%emt
00:02:10]} 21. Qf3 {[%clk 00:52:10]} {[%emt 00:04:33]} Qb7 {[%clk 00:31:13]}
{[%emt 00:01:42]} 22. Nf1 {[%clk 00:46:54]} {[%emt 00:05:46]} g5 {[%clk
00:27:07]} {[%emt 00:04:36]} 23. Ng3 {[%clk 00:31:58]} {[%emt 00:15:26]} Nf4
{[%clk 00:25:14]} {[%emt 00:02:23]} 24. Rd2 {[%clk 00:31:37]} {[%emt 00:00:51]}
Kb8 {[%clk 00:19:30]} {[%emt 00:06:15]} 25. c3 {[%clk 00:16:44]} {[%emt
00:15:23]} Qa6 {[%clk 00:17:31]} {[%emt 00:02:28]} 26. Qd1 {[%clk 00:16:54]}
{[%emt 00:00:20]} d5 {[%clk 00:13:31]} {[%emt 00:04:30]} 27. c4 {[%clk
00:13:09]} {[%emt 00:04:15]} dxc4 {[%clk 00:13:17]} {[%emt 00:00:43]} 28. bxc4
{[%clk 00:10:53]} {[%emt 00:02:45]} b5 {[%clk 00:12:27]} {[%emt 00:01:22]} 29.
Qb3 {[%clk 00:06:48]} {[%emt 00:04:36]} b4 {[%clk 00:10:34]} {[%emt 00:02:22]}
30. Kc2 {[%clk 00:06:18]} {[%emt 00:01:00]} Kc7 {[%clk 00:08:20]} {[%emt
00:02:44]} 31. Rdd1 {[%clk 00:05:38]} {[%emt 00:01:09]} Qb6 {[%clk 00:07:29]}
{[%emt 00:01:23]} 32. Ra1 {[%clk 00:05:18]} {[%emt 00:00:49]} Ra8 {[%clk
00:06:53]} {[%emt 00:01:05]} 33. Ra4 {[%clk 00:05:13]} {[%emt 00:00:36]} a5
{[%clk 00:06:08]} {[%emt 00:01:15]} 34. Kd2 {[%clk 00:03:15]} {[%emt 00:02:27]}
h5 {[%clk 00:03:22]} {[%emt 00:03:17]} 35. Nf5 {[%clk 00:01:28]} {[%emt
00:02:17]} hxg4 {[%clk 00:03:12]} {[%emt 00:00:40]} 36. hxg4 {[%clk 00:01:57]}
{[%emt 00:00:02]} Rh3 {[%clk 00:03:03]} {[%emt 00:00:38]} 37. Ng3 {[%clk
00:02:07]} {[%emt 00:00:21]} Qe6 {[%clk 00:02:36]} {[%emt 00:00:52]} 38. Qd1
{[%clk 00:02:05]} {[%emt 00:00:36]} Kb6 {[%clk 00:01:57]} {[%emt 00:01:09]} 39.
Rh1 {[%clk 00:01:09]} {[%emt 00:01:26]} Rah8 {[%clk 00:01:32]} {[%emt
00:00:55]} 40. Rxh3 {[%clk 00:00:45]} {[%emt 00:00:55]} Rxh3 {[%clk 00:01:54]}
{[%emt 00:00:07]} 41. Kc2 {[%clk 00:00:36]} {[%emt 00:00:39]} Rh2 {[%clk
00:00:31]} {[%emt 00:01:53]} 42. Qf3 {[%clk 00:28:13]} {[%emt 00:02:52]} f6
{[%clk 00:24:03]} {[%emt 00:06:58]} 43. e5 {[%clk 00:12:14]} {[%emt 00:16:29]}
Qxe5 {[%clk 00:14:35]} {[%emt 00:09:58]} 44. Qa8 {[%clk 00:11:03]} {[%emt
00:01:42]} Rxf2+ {[%clk 00:14:51]} {[%emt 00:00:14]} 45. Kb3 {[%clk 00:11:24]}
{[%emt 00:00:09]} Rxb2+ {[%clk 00:04:29]} {[%emt 00:10:52]} 46. Kxb2 {[%clk
00:11:47]} {[%emt 00:00:06]} Nxd3+ {[%clk 00:04:41]} {[%emt 00:00:18]} 47. Kb3
{[%clk 00:02:46]} {[%emt 00:09:32]} Nc1+ {[%clk 00:04:43]} {[%emt 00:00:28]}
48. Kc2 {[%clk 00:03:10]} {[%emt 00:00:06]} d3+ {[%clk 00:02:20]} {[%emt
00:02:53]} 49. Kxc1 {[%clk 00:02:59]} {[%emt 00:00:42]} Qe1+ {[%clk 00:02:01]}
{[%emt 00:00:48]} 50. Kb2 {[%clk 00:03:23]} {[%emt 00:00:05]} Qc3+ {[%clk
00:01:47]} {[%emt 00:00:44]} 51. Kb1 {[%clk 00:02:50]} {[%emt 00:01:04]} Qb3+
{[%clk 00:02:10]} {[%emt 00:00:07]} 52. Ka1 {[%clk 00:02:20]} {[%emt 00:01:00]}
Qxa4+ {[%clk 00:02:30]} {[%emt 00:00:10]} 53. Kb1 {[%clk 00:02:03]} {[%emt
00:00:48]} Qc2+ {[%clk 00:02:30]} {[%emt 00:00:29]} 54. Ka1 {[%clk 00:02:26]}
{[%emt 00:00:07]} Qc1+ {[%clk 00:02:41]} {[%emt 00:00:19]} 55. Ka2 {[%clk
00:02:50]} {[%emt 00:00:06]} Qxc4+ {[%clk 00:03:05]} {[%emt 00:00:06]} 56. Ka1
{[%clk 00:02:31]} {[%emt 00:00:48]} Qc3+ {[%clk 00:02:16]} {[%emt 00:01:21]}
57. Kb1 {[%clk 00:02:52]} {[%emt 00:00:08]} Qe1+ {[%clk 00:01:56]} {[%emt
00:00:49]} 58. Kb2 {[%clk 00:03:13]} {[%emt 00:00:10]} Qxg3 {[%clk 00:01:42]}
{[%emt 00:00:44]} 59. Qd8+ {[%clk 00:03:05]} {[%emt 00:00:37]} Kb5 {[%clk
00:01:40]} {[%emt 00:00:32]} 60. Qd7+ {[%clk 00:01:48]} {[%emt 00:01:47]} Kc4
{[%clk 00:01:49]} {[%emt 00:00:19]} 61. Qe6+ {[%clk 00:01:38]} {[%emt
00:00:43]} Kd4 {[%clk 00:02:05]} {[%emt 00:00:14]} 62. Qxf6+ {[%clk 00:01:37]}
{[%emt 00:00:31]} Qe5 {[%clk 00:02:17]} {[%emt 00:00:15]} 63. Qf2+ {[%clk
00:01:06]} {[%emt 00:01:04]} Kc4+ {[%clk 00:01:52]} {[%emt 00:00:56]} 64. Kb1
{[%clk 00:01:20]} {[%emt 00:00:15]} b3 {[%clk 00:01:25]} {[%emt 00:00:56]} 65.
Qf7+ {[%clk 00:00:57]} {[%emt 00:00:54]} Kc3 {[%clk 00:01:22]} {[%emt
00:00:22]} 66. Qf2 {[%clk 00:01:05]} {[%emt 00:00:33]} Qd4 {[%clk 00:01:06]}
{[%emt 00:00:46]} 67. Qb2+ {[%clk 00:00:52]} {[%emt 00:00:43]} Kb4 {[%clk
00:01:10]} {[%emt 00:00:24]} 68. Qd2+ {[%clk 00:00:55]} {[%emt 00:00:29]} Qc3
{[%clk 00:01:32]} {[%emt 00:00:07]} 69. Qg2 {[%clk 00:00:45]} {[%emt 00:00:41]}
Qe1+ {[%clk 00:01:24]} {[%emt 00:00:33]} 70. Kb2 {[%clk 00:01:08]} {[%emt
00:00:12]} Qe2+ {[%clk 00:01:44]} {[%emt 00:00:10]} 71. Qxe2 {[%clk 00:01:08]}
{[%emt 00:00:31]} dxe2 {[%clk 00:02:10]} {[%emt 00:00:03]} 72. Kc1 {[%clk
00:01:27]} {[%emt 00:00:11]} e1=Q+ {[%clk 00:02:34]} {[%emt 00:00:07]} 73. Kb2
{[%clk 00:01:50]} {[%emt 00:00:06]} Qd2+ {[%clk 00:02:56]} {[%emt 00:00:07]}
74. Ka1 {[%clk 00:02:11]} {[%emt 00:00:10]} Qa2# {[%clk 00:03:22]} {[%emt
00:00:03]} 0-1

[Event "DVM U20w 2023"]
[Site "Magdeburg GER"]
[Date "2023.12.30"]
[Round "7"]
[White "Gubler, Katharina"]
[Black "Hasselmann, Isabelle Sophia"]
[Result "0-1"]
[Termination "normal"]
[Board "3.3"]
[WhiteElo "1482"]
[BlackElo "1324"]
[WhiteClock "00:30:25"]
[BlackClock "01:11:07"]
[WhiteTeam "SK Kelheim 1920"]
[BlackTeam "SC Borussia Lichtenberg"]
[PlyCount "74"]
[WhiteFideId "16282990"]
[BlackFideId "16266951"]
[EventCountry "GER"]
[EventRounds "7"]
[EventType "team-swiss"]
[EventDate "2023.12.26"]

1. e4 {[%clk 01:30:57]} {[%emt 00:00:02]} e6 {[%clk 01:30:57]} {[%emt
00:00:04]} 2. d3 {[%clk 01:31:21]} {[%emt 00:00:06]} d5 {[%clk 01:31:22]}
{[%emt 00:00:05]} 3. Nd2 {[%clk 01:31:44]} {[%emt 00:00:07]} c5 {[%clk
01:31:48]} {[%emt 00:00:04]} 4. Ngf3 {[%clk 01:32:05]} {[%emt 00:00:09]} Nf6
{[%clk 01:32:12]} {[%emt 00:00:05]} 5. g3 {[%clk 01:31:15]} {[%emt 00:01:21]}
b6 {[%clk 01:32:37]} {[%emt 00:00:05]} 6. Bg2 {[%clk 01:30:38]} {[%emt
00:01:07]} Bb7 {[%clk 01:32:58]} {[%emt 00:00:09]} 7. e5 {[%clk 01:29:02]}
{[%emt 00:02:05]} Nfd7 {[%clk 01:33:22]} {[%emt 00:00:06]} 8. O-O {[%clk
01:28:55]} {[%emt 00:00:38]} Nc6 {[%clk 01:33:34]} {[%emt 00:00:18]} 9. Re1
{[%clk 01:29:06]} {[%emt 00:00:19]} Qc7 {[%clk 01:33:53]} {[%emt 00:00:10]} 10.
Qe2 {[%clk 01:29:29]} {[%emt 00:00:07]} Be7 {[%clk 01:33:39]} {[%emt 00:00:45]}
11. Nf1 {[%clk 01:26:42]} {[%emt 00:03:17]} O-O-O {[%clk 01:33:43]} {[%emt
00:00:25]} 12. c3 {[%clk 01:23:17]} {[%emt 00:03:56]} Kb8 {[%clk 01:33:36]}
{[%emt 00:00:37]} 13. d4 {[%clk 01:17:52]} {[%emt 00:05:55]} h6 {[%clk
01:33:24]} {[%emt 00:00:42]} 14. h3 {[%clk 01:04:49]} {[%emt 00:13:33]} Rdg8
{[%clk 01:32:03]} {[%emt 00:01:50]} 15. a4 {[%clk 01:01:17]} {[%emt 00:04:03]}
g5 {[%clk 01:30:02]} {[%emt 00:02:31]} 16. g4 {[%clk 00:59:34]} {[%emt
00:02:12]} h5 {[%clk 01:29:30]} {[%emt 00:01:03]} 17. gxh5 {[%clk 00:59:27]}
{[%emt 00:00:36]} Rxh5 {[%clk 01:29:36]} {[%emt 00:00:25]} 18. Ng3 {[%clk
00:59:04]} {[%emt 00:00:53]} Rh7 {[%clk 01:28:37]} {[%emt 00:01:28]} 19. Nh2
{[%clk 00:54:15]} {[%emt 00:05:19]} cxd4 {[%clk 01:23:15]} {[%emt 00:05:53]}
20. cxd4 {[%clk 00:52:37]} {[%emt 00:02:08]} Nxd4 {[%clk 01:22:29]} {[%emt
00:01:15]} 21. Qd3 {[%clk 00:52:10]} {[%emt 00:00:57]} Rh4 {[%clk 01:22:46]}
{[%emt 00:00:13]} 22. Bd2 {[%clk 00:43:15]} {[%emt 00:09:26]} Nxe5 {[%clk
01:21:45]} {[%emt 00:01:30]} 23. Qb1 {[%clk 00:42:25]} {[%emt 00:01:20]} Nb3
{[%clk 01:19:37]} {[%emt 00:02:39]} 24. Bc3 {[%clk 00:38:13]} {[%emt 00:04:42]}
d4 {[%clk 01:18:25]} {[%emt 00:01:42]} 25. Ra3 {[%clk 00:38:12]} {[%emt
00:00:31]} Bxa3 {[%clk 01:16:28]} {[%emt 00:02:27]} 26. bxa3 {[%clk 00:38:25]}
{[%emt 00:00:16]} Qxc3 {[%clk 01:15:31]} {[%emt 00:01:28]} 27. Rxe5 {[%clk
00:37:55]} {[%emt 00:01:00]} d3 {[%clk 01:13:58]} {[%emt 00:02:03]} 28. Re3
{[%clk 00:36:58]} {[%emt 00:01:26]} Qc2 {[%clk 01:13:30]} {[%emt 00:00:58]} 29.
Qf1 {[%clk 00:35:55]} {[%emt 00:01:34]} d2 {[%clk 01:13:13]} {[%emt 00:00:47]}
30. Rd3 {[%clk 00:32:04]} {[%emt 00:04:21]} Rd4 {[%clk 01:12:48]} {[%emt
00:00:55]} 31. Rxd4 {[%clk 00:30:41]} {[%emt 00:01:53]} Nxd4 {[%clk 01:13:06]}
{[%emt 00:00:12]} 32. Bxb7 {[%clk 00:30:00]} {[%emt 00:01:11]} d1=Q {[%clk
01:12:00]} {[%emt 00:01:35]} 33. Be4 {[%clk 00:29:37]} {[%emt 00:00:54]} Qxf1+
{[%emt 00:00:40]} 34. Kxf1 {[%clk 00:29:49]} {[%emt 00:00:14]} Qd1+ {[%clk
01:11:09]} {[%emt 00:01:14]} 35. Kg2 {[%clk 00:30:07]} {[%emt 00:00:13]} f5
{[%clk 01:10:47]} {[%emt 00:00:52]} 36. Bf3 {[%clk 00:30:00]} {[%emt 00:00:37]}
Nxf3 {[%clk 01:11:11]} {[%emt 00:00:06]} 37. Nxf3 {[%clk 00:30:25]} {[%emt
00:00:05]} f4 {[%clk 01:11:07]} {[%emt 00:00:34]} 0-1

[Event "DVM U20w 2023"]
[Site "Magdeburg GER"]
[Date "2023.12.30"]
[Round "7"]
[White "Kessen, Fanny"]
[Black "Bangsa-Giesen, Citra"]
[Result "1-0"]
[Termination "normal"]
[Board "3.4"]
[WhiteElo "1419"]
[BlackElo "1469"]
[WhiteClock "00:22:47"]
[BlackClock "00:25:41"]
[WhiteTeam "SC Borussia Lichtenberg"]
[BlackTeam "SK Kelheim 1920"]
[PlyCount "136"]
[WhiteFideId "16217357"]
[BlackFideId "34605274"]
[EventCountry "GER"]
[EventRounds "7"]
[EventType "team-swiss"]
[EventDate "2023.12.26"]

1. e4 {[%clk 01:30:59]} c5 {[%clk 01:30:53]} {[%emt 00:00:08]} 2. Nc3 {[%clk
01:31:25]} {[%emt 00:00:04]} Nc6 {[%clk 01:31:16]} {[%emt 00:00:07]} 3. d3
{[%clk 01:31:50]} {[%emt 00:00:05]} g6 {[%clk 01:31:19]} {[%emt 00:00:28]} 4.
g3 {[%clk 01:32:06]} {[%emt 00:00:13]} Bg7 {[%clk 01:31:37]} {[%emt 00:00:11]}
5. Bg2 {[%clk 01:32:32]} {[%emt 00:00:06]} e5 {[%clk 01:31:17]} {[%emt
00:00:49]} 6. Nge2 {[%clk 01:32:20]} {[%emt 00:00:42]} Nge7 {[%emt 00:01:25]}
7. O-O {[%clk 01:32:22]} {[%emt 00:00:21]} O-O {[%clk 01:30:52]} {[%emt
00:00:07]} 8. Be3 {[%clk 01:31:24]} {[%emt 00:01:28]} d6 {[%clk 01:30:33]}
{[%emt 00:00:49]} 9. Qd2 {[%clk 01:28:20]} {[%emt 00:03:33]} Nd4 {[%clk
01:18:26]} {[%emt 00:12:38]} 10. f4 {[%clk 01:20:12]} {[%emt 00:08:38]} Rb8
{[%clk 01:12:11]} {[%emt 00:06:44]} 11. Nd1 {[%clk 01:18:59]} {[%emt 00:01:44]}
f5 {[%clk 01:06:21]} {[%emt 00:06:19]} 12. c3 {[%clk 01:17:30]} {[%emt
00:01:59]} Nxe2+ {[%clk 01:03:10]} {[%emt 00:03:42]} 13. Qxe2 {[%clk 01:17:51]}
{[%emt 00:00:10]} b6 {[%clk 01:01:05]} {[%emt 00:02:33]} 14. Qd2 {[%clk
01:12:28]} {[%emt 00:05:53]} Bb7 {[%clk 00:55:08]} {[%emt 00:06:27]} 15. Nf2
{[%clk 01:07:28]} {[%emt 00:05:31]} Qd7 {[%clk 00:48:07]} {[%emt 00:07:31]} 16.
Nh3 {[%clk 01:01:02]} {[%emt 00:06:56]} Rbd8 {[%clk 00:44:36]} {[%emt
00:04:00]} 17. Nf2 {[%clk 00:57:50]} {[%emt 00:03:44]} a5 {[%clk 00:39:59]}
{[%emt 00:05:06]} 18. Qc2 {[%clk 00:53:26]} {[%emt 00:04:53]} Qc8 {[%clk
00:37:19]} {[%emt 00:03:10]} 19. Qb3+ {[%clk 00:52:27]} {[%emt 00:01:30]} Kh8
{[%clk 00:27:25]} {[%emt 00:10:24]} 20. Qxb6 {[%clk 00:47:07]} {[%emt
00:05:49]} Qa8 {[%clk 00:26:05]} {[%emt 00:01:50]} 21. Qb3 {[%clk 00:46:25]}
{[%emt 00:01:12]} Rb8 {[%clk 00:24:08]} {[%emt 00:02:27]} 22. Qc2 {[%clk
00:45:26]} {[%emt 00:01:29]} Bc6 {[%clk 00:22:12]} 23. Rab1 {[%clk 00:40:56]}
{[%emt 00:07:26]} Rb5 {[%clk 00:18:38]} 24. c4 {[%clk 00:35:20]} {[%emt
00:10:11]} Rb6 {[%clk 00:16:50]} 25. Nh3 {[%clk 00:31:34]} {[%emt 00:06:34]}
Rfb8 {[%clk 00:15:54]} 26. fxe5 {[%clk 00:28:00]} {[%emt 00:05:30]} Bxe5 {[%clk
00:15:58]} 27. b3 {[%clk 00:28:14]} {[%emt 00:00:43]} a4 {[%clk 00:14:32]} 28.
Nf4 {[%clk 00:22:42]} {[%emt 00:07:57]} axb3 {[%clk 00:14:17]} 29. axb3 {[%clk
00:22:58]} {[%emt 00:00:59]} fxe4 {[%clk 00:10:54]} 30. dxe4 {[%clk 00:19:49]}
{[%emt 00:07:32]} Qb7 {[%clk 00:11:11]} 31. Nd5 {[%clk 00:17:19]} {[%emt
00:03:13]} Bxd5 {[%clk 00:11:30]} 32. cxd5 {[%clk 00:15:32]} {[%emt 00:02:28]}
Rxb3 {[%clk 00:11:54]} 33. Rxb3 {[%clk 00:15:06]} {[%emt 00:01:02]} Qxb3 {[%clk
00:12:17]} 34. Qxb3 {[%clk 00:15:05]} {[%emt 00:00:38]} Rxb3 {[%clk 00:12:40]}
35. Bh6 {[%clk 00:13:27]} {[%emt 00:02:15]} Bg7 {[%clk 00:11:21]} 36. Bf4
{[%clk 00:12:01]} {[%emt 00:03:45]} Bd4+ {[%clk 00:10:00]} 37. Kh1 {[%clk
00:11:11]} {[%emt 00:03:10]} Nc8 {[%clk 00:09:53]} 38. Bh3 {[%clk 00:10:32]}
{[%emt 00:01:47]} Rb8 {[%clk 00:10:14]} 39. Bxc8 {[%clk 00:10:18]} {[%emt
00:00:52]} Rxc8 {[%clk 00:10:43]} 40. Bxd6 {[%clk 00:09:59]} {[%emt 00:00:51]}
c4 {[%clk 00:07:52]} 41. Rc1 {[%clk 00:01:59]} {[%emt 00:11:50]} c3 {[%clk
00:08:03]} 42. Rc2 {[%clk 00:02:15]} {[%emt 00:00:33]} Ra8 {[%clk 00:05:17]}
43. Bb4 {[%clk 00:29:51]} {[%emt 00:06:11]} Kg8 {[%clk 00:32:21]} {[%emt
00:03:26]} 44. Kg2 {[%clk 00:25:22]} {[%emt 00:04:59]} Rb8 {[%clk 00:32:34]}
{[%emt 00:00:17]} 45. Ba3 {[%clk 00:24:44]} {[%emt 00:01:08]} Rb3 {[%clk
00:32:24]} {[%emt 00:00:40]} 46. Bc1 {[%clk 00:24:09]} {[%emt 00:01:04]} Bc5
{[%clk 00:21:23]} {[%emt 00:11:32]} 47. Kf3 {[%clk 00:21:39]} {[%emt 00:03:00]}
Ba3 {[%clk 00:21:39]} {[%emt 00:00:14]} 48. Bxa3 {[%clk 00:21:23]} {[%emt
00:00:46]} Rxa3 {[%clk 00:22:04]} {[%emt 00:00:04]} 49. Ke3 {[%clk 00:21:45]}
{[%emt 00:00:09]} Rb3 {[%clk 00:21:59]} {[%emt 00:00:35]} 50. Kd3 {[%clk
00:21:51]} {[%emt 00:00:24]} Rb2 {[%clk 00:21:47]} {[%emt 00:00:42]} 51. Rxb2
{[%clk 00:21:13]} {[%emt 00:01:08]} cxb2 {[%clk 00:22:12]} {[%emt 00:00:05]}
52. Kc2 {[%clk 00:21:41]} {[%emt 00:00:02]} b1=Q+ {[%clk 00:22:29]} {[%emt
00:00:13]} 53. Kxb1 {[%clk 00:22:04]} {[%emt 00:00:07]} Kf7 {[%clk 00:22:53]}
{[%emt 00:00:06]} 54. e5 {[%clk 00:21:53]} {[%emt 00:00:41]} h5 {[%clk
00:23:02]} {[%emt 00:00:22]} 55. Kc2 {[%clk 00:22:10]} {[%emt 00:00:12]} g5
{[%clk 00:23:22]} {[%emt 00:00:10]} 56. Kd3 {[%clk 00:22:23]} {[%emt 00:00:16]}
h4 {[%clk 00:23:45]} {[%emt 00:00:08]} 57. gxh4 {[%clk 00:22:12]} {[%emt
00:00:41]} gxh4 {[%clk 00:24:04]} {[%emt 00:00:11]} 58. Ke4 {[%clk 00:22:39]}
{[%emt 00:00:03]} h3 {[%clk 00:24:26]} {[%emt 00:00:08]} 59. Kf5 {[%clk
00:22:34]} {[%emt 00:00:34]} Ke7 {[%clk 00:24:46]} {[%emt 00:00:11]} 60. Kg6
{[%clk 00:22:40]} {[%emt 00:00:24]} Kf8 {[%clk 00:24:13]} {[%emt 00:01:03]} 61.
d6 {[%clk 00:22:10]} {[%emt 00:01:00]} Ke8 {[%clk 00:24:12]} {[%emt 00:00:31]}
62. Kf6 {[%clk 00:22:26]} {[%emt 00:00:15]} Kd7 {[%clk 00:24:17]} {[%emt
00:00:24]} 63. Kf7 {[%clk 00:22:28]} {[%emt 00:00:27]} Kc6 {[%clk 00:24:24]}
{[%emt 00:00:24]} 64. e6 {[%clk 00:22:04]} {[%emt 00:00:54]} Kxd6 {[%clk
00:24:37]} {[%emt 00:00:16]} 65. e7 {[%clk 00:22:30]} {[%emt 00:00:05]} Ke5
{[%clk 00:25:03]} {[%emt 00:00:04]} 66. e8=Q+ {[%clk 00:22:33]} Kf4 {[%clk
00:25:27]} {[%emt 00:00:33]} 67. Qb8+ {[%clk 00:22:47]} Ke3 {[%clk 00:25:41]}
{[%emt 00:00:31]} 68. Qg3+ Ke4 {[%clk 00:25:41]} 1-0